soil and water conservation engineering / (Record no. 332440)

000 -LEADER
fixed length control field 00900cam a22002651a 4500
001 - CONTROL NUMBER
control field 10241676
003 - CONTROL NUMBER IDENTIFIER
control field NUST
005 - DATE AND TIME OF LATEST TRANSACTION
control field 20180117110837.0
008 - FIXED-LENGTH DATA ELEMENTS--GENERAL INFORMATION
fixed length control field 851021s1952 iaua 000 0 eng
010 ## - LIBRARY OF CONGRESS CONTROL NUMBER
LC control number 51003092
020 ## - INTERNATIONAL STANDARD BOOK NUMBER
International Standard Book Number 9814126527
035 ## - SYSTEM CONTROL NUMBER
System control number (OCoLC)12697826
040 ## - CATALOGING SOURCE
Original cataloging agency DLC
Transcribing agency OAU
Modifying agency DLC
042 ## - AUTHENTICATION CODE
Authentication code premarc
050 00 - LIBRARY OF CONGRESS CALL NUMBER
Item number .S4
082 ## - DEWEY DECIMAL CLASSIFICATION NUMBER
Classification number 631.4 SCH
100 1# - MAIN ENTRY--PERSONAL NAME
Personal name Schwab, Glenn Orville,
Dates associated with a name 1919-
9 (RLIN) 6959
245 10 - TITLE STATEMENT
Title soil and water conservation engineering /
Statement of responsibility, etc. Glenn O. Schwab, Richad K. Frevert
250 ## - EDITION STATEMENT
Edition statement 4th ed.
260 ## - PUBLICATION, DISTRIBUTION, ETC.
Place of publication, distribution, etc. New York:
Name of publisher, distributor, etc. John Wiley .,
Date of publication, distribution, etc. 2002..
300 ## - PHYSICAL DESCRIPTION
Extent 507 p. :
Other physical details ill. ;
Dimensions 22 cm.
500 ## - GENERAL NOTE
General note P.B
650 #0 - SUBJECT ADDED ENTRY--TOPICAL TERM
Topical term or geographic name entry element Soil conservation.
9 (RLIN) 6960
650 #0 - SUBJECT ADDED ENTRY--TOPICAL TERM
Topical term or geographic name entry element Water conservation.
9 (RLIN) 5903
650 #0 - SUBJECT ADDED ENTRY--TOPICAL TERM
Topical term or geographic name entry element Surveying.
9 (RLIN) 6961
740 0# - ADDED ENTRY--UNCONTROLLED RELATED/ANALYTICAL TITLE
Uncontrolled related/analytical title Soil and water conservation engineering.
906 ## - LOCAL DATA ELEMENT F, LDF (RLIN)
a 7
b cbc
c oclcrpl
d u
e ncip
f 19
g y-gencatlg
942 ## - ADDED ENTRY ELEMENTS (KOHA)
Source of classification or shelving scheme
Koha item type Book
Call number prefix IESE
Holdings
Withdrawn status Lost status Source of classification or shelving scheme Damaged status Not for loan Collection code Permanent Location Current Location Shelving location Date acquired Total Checkouts Full call number Barcode Date last seen Price effective from Koha item type
            Institute of Environmental Science and Engineering (IESE) Institute of Environmental Science and Engineering (IESE) General Stacks 12/06/2017   631.4 SCH IESE-916 12/06/2017 12/06/2017 Book
© 2023 Central Library, National University of Sciences and Technology. All Rights Reserved.